000
00258nam a2200097Ia 4500
001
692272
005
20260217135528.0
008
250824s9999 xx 000 0 und d
245
0
_a
DOĞU YAKASI (ANTİK YENİ)
_c
JACK LONDON
260
_b
ANTİK DÜNYA KLASİKLERİ
999
_c
692272
_d
692272